000 00695nam a22002297a 4500
999 _c5863
_d5863
003 AR-CdUCM
008 190313b ||||| |||| 00| 0 spa d
040 _aMUNICIPALIDAD PROVINCIAL DEL CUSCO
_cBIBLIOTECA MUNICIPAL DEL CUSCO
082 _a869.56 /
_bF66
100 _aFlorian, Mario
_914609
245 _aEscritura para Ausentes :
_bPoesia 1958 /
260 _aLima :
_bCia. de Impresiones y Publicidad,
_c1960.
300 _a14 paginas ;
_c24cm.
440 _aColección signo escalonado
_n2
_917324
500 _aPoesias
650 _aPoesias Peruanas
_92190
650 _aSiglo XX
_98
650 _aLiteratura
_983
650 _aRomanticismo
_9518
942 _2ddc
_cLIBROS
945 _apjha